Arquitectura de consumo

Saved in:
Bibliographic Details
Main Author: Córdoba Montalto, Melissa
Other Authors: Pérez González, Johnny, 1962- Director del TFG
Format: Unknown
Language:Spanish
Published: [San José,Costa Rica] 2016
Subjects:
Online Access:https://cedi.ucr.ac.cr/arquitectura/arquitectura-de-consumo/
Tags: Add Tag
No Tags, Be the first to tag this record!

MARC

LEADER 00000 a2200000 4500
003 EA0133
005 20230523142329.0
008 140114s2016 cr a 000 ||spa d
040 |c cru CEDI 
090 |a TFG EA-133 
100 |a Córdoba Montalto, Melissa  |9 20232 
245 |a Arquitectura de consumo  
260 |a  [San José,Costa Rica]  |c 2016 
500 |a Proyecto de graduación (licenciatura en arquitectura)--Universidad de Costa Rica. Facultad de Ingeniería. Escuela de Arquitectura 
501 |a Director de Proyecto de Graduación: Dr. Jhonny Pérez González 
650 |x ARQUITECTURA - ASPECTOS SOCIALES - COSTA RICA   |x ARQUITECTURA Y SOCIEDAD  |9 20233 
700 |9 93  |a Pérez González, Johnny, 1962-  |d Director del TFG 
856 |u https://cedi.ucr.ac.cr/arquitectura/arquitectura-de-consumo/  |y https://cedi.ucr.ac.cr/arquitectura/arquitectura-de-consumo/ 
942 |c CEDI  |2 ddc 
999 |c 12976  |d 12976